| 000 | 00702nam a2200193 a 4500 | ||
|---|---|---|---|
| 005 | 20210219160349.0 | ||
| 008 | 081020s2000 mx r 000 0 spa d | ||
| 035 | _aUPN01000163922 | ||
| 049 | _aUNE | ||
| 080 | _a025.8: 05 =40 BOU. | ||
| 100 | 1 | _aBouffez, Françoise | |
| 245 | 1 | 0 | _aEtude sur le traitement des publications en serie par les centres ISDS et les agences bibliografiques nationales/ Françoise Bouffez y Annette Grousseaud. |
| 260 | _aParis : UNESCO, 1980. | ||
| 300 | _a142 p.; 30 cm. fot. | ||
| 690 | _aPublicaciones seriadas- Tratamiento de documentos | ||
| 700 | 1 | _aGrousseaud, Annette, coaut. | |
| 710 | 2 | _aPGI. Programa General de Información y Unisis | |
| 905 | _aUNESCO | ||
| 999 |
_c136035 _d136035 |
||